000 01391cam a2200421Ia 4500
001 82895
005 20230410115707.0
008 030926s2003 fr a b 001 0 fre d
035 _a(OCoLC)ocm60170747
040 _aOTZ
_bfre
_cOTZ
_dUAB
_dUQ1
_dRUQBL
_dBDF
020 _a2100063650
020 _a9782100063659
029 1 _aZWZ
_b070560765
035 _a(OCoLC)60170747
050 1 4 _aHG3881
_b.J87 2003
050 1 4 _aHG 3881
_bJ95 2003
055 4 _aHG 3881 J95 2003
082 1 _a332.042
_222
100 1 _aJura, M.
_q(Michel)
245 1 0 _aTechnique financiáere internationale /
_cMichel Jura.
250 _a2e âed.
260 _aParis :
_bDunod,
_cc2003.
300 _aviii, 447 p. :
_bill. ;
_c24 cm.
490 1 _aGestion Sup : finance, comptabilitâe
504 _aComprend des râef. bibliogr. (p. [443]-444) et un index.
650 6 _aFinances internationales.
650 7 _aRisque financier
_2rasuqam
650 7 _aInstrument financier
_2rasuqam
650 7 _aRecouvrement de crâeance
_2rasuqam
650 7 _aChange
_2rasuqam
650 1 7 _aFinances internationales
_2rasuqam
650 7 _aFinances internationales
_xManuels d'enseignement supâerieur.
_2ram
650 7 _aRecouvrement de creance
_2rasuqam
650 7 _aFinances internationales
_xManuels d'enseignement superieur.
_2ram
830 0 _aGestion Sup.
942 _2lcc
_cbk
994 _aC0
_bDRFGD
999 _c46177
_d46177